<?xml version="1.0" encoding="UTF-8"?>
<record
    xmlns:xsi="http://www.w3.org/2001/XMLSchema-instance"
    xsi:schemaLocation="http://www.loc.gov/MARC21/slim http://www.loc.gov/standards/marcxml/schema/MARC21slim.xsd"
    xmlns="http://www.loc.gov/MARC21/slim">

  <leader>03569cam a2200325   4500500</leader>
  <controlfield tag="005">20260329011217.0</controlfield>
  <datafield tag="041" ind1=" " ind2=" ">
    <subfield code="a">fre</subfield>
  </datafield>
  <datafield tag="042" ind1=" " ind2=" ">
    <subfield code="a">dc</subfield>
  </datafield>
  <datafield tag="100" ind1="1" ind2="0">
    <subfield code="a">Lebreton, Olivier</subfield>
    <subfield code="e">author</subfield>
  </datafield>
  <datafield tag="245" ind1="0" ind2="0">
    <subfield code="a">Construire et manipuler des sch&#xE9;mas en barres pour r&#xE9;soudre des probl&#xE8;mes de partage in&#xE9;gal en cycle&#xA0;3 et favoriser le d&#xE9;veloppement de la pens&#xE9;e alg&#xE9;brique</subfield>
  </datafield>
  <datafield tag="260" ind1=" " ind2=" ">
    <subfield code="c">2026.
							</subfield>
  </datafield>
  <datafield tag="500" ind1=" " ind2=" ">
    <subfield code="a">20</subfield>
  </datafield>
  <datafield tag="520" ind1=" " ind2=" ">
    <subfield code="a">L&#x2019;article propos&#xE9; porte sur une exp&#xE9;rimentation relative &#xE0; la construction et &#xE0; la manipulation des sch&#xE9;mas en barres pour r&#xE9;soudre des probl&#xE8;mes de partage in&#xE9;gal dans le but de favoriser la mise en &#x153;uvre d&#x2019;une d&#xE9;marche alg&#xE9;brique chez les &#xE9;l&#xE8;ves de cycle&#xA0;3. Deux probl&#xE8;mes de partage in&#xE9;gal ont &#xE9;t&#xE9; propos&#xE9;s aux &#xE9;l&#xE8;ves d&#x2019;une classe de&#xA0;6e d&#x2019;un coll&#xE8;ge class&#xE9; en REP lors de deux s&#xE9;ances de math&#xE9;matiques. Les r&#xE9;sultats obtenus &#xE0; partir de l&#x2019;analyse syst&#xE9;matique des productions d&#x2019;&#xE9;l&#xE8;ves montrent les nombreuses potentialit&#xE9;s de la manipulation des sch&#xE9;mas en barres dans l&#x2019;initiation &#xE0; la pens&#xE9;e alg&#xE9;brique au cycle&#xA0;3. Les sch&#xE9;mas en barres formeraient un registre de repr&#xE9;sentation s&#xE9;miotique interm&#xE9;diaire entre le registre en langue naturelle et le registre symbolique favorisant le d&#xE9;veloppement de la pens&#xE9;e alg&#xE9;brique.</subfield>
  </datafield>
  <datafield tag="520" ind1=" " ind2=" ">
    <subfield code="a">AbstractThis article discusses an experiment related to the construction and manipulation of bar diagrams to solve unequal sharing problems, aiming to promote the implementation of an algebraic approach among fifth, sixth and seventh grade students. Two unequal sharing problems were presented to seventh-grade students in a middle school within a priority education network (REP) during two math sessions. The results, obtained from a systematic analysis of the students&#x2019; work, demonstrate the potential of manipulating bar diagrams. These diagrams form an intermediate semiotic representation system between the verbal and symbolic systems, thereby fostering the development of algebraic thinking.</subfield>
  </datafield>
  <datafield tag="520" ind1=" " ind2=" ">
    <subfield code="a">ResumenEl art&#xED;culo se centra en un experimento relacionado con la construcci&#xF3;n y manipulaci&#xF3;n de &#x201C;modelados de barras&#x201D; para resolver problemas de reparto desigual con el objetivo de fomentar la implementaci&#xF3;n de un enfoque algebraico en alumnos del ciclo&#xA0;3. Se presentaron dos problemas de reparto desigual a alumnos de&#xA0;6&#xB0; grado de un colegio clasificado como REP durante dos sesiones de matem&#xE1;ticas. Los resultados obtenidos a partir del an&#xE1;lisis sistem&#xE1;tico de las producciones de los alumnos demuestran los numerosos beneficios potenciales de la manipulaci&#xF3;n de los &#x201C;modelados de barras&#x201D; en la iniciaci&#xF3;n al pensamiento algebraico en el ciclo&#xA0;3. Los &#x201C;modelados de barras&#x201D; parecen formar un registro de representaci&#xF3;n semi&#xF3;tica intermediario entre el registro en la lengua materna y el registro simb&#xF3;lico promoviendo el desarrollo del pensamiento algebraico.</subfield>
  </datafield>
  <datafield tag="690" ind1=" " ind2=" ">
    <subfield code="a">d&#xE9;marche alg&#xE9;brique</subfield>
  </datafield>
  <datafield tag="690" ind1=" " ind2=" ">
    <subfield code="a">d&#xE9;marche arithm&#xE9;tique</subfield>
  </datafield>
  <datafield tag="690" ind1=" " ind2=" ">
    <subfield code="a">prax&#xE9;ologie</subfield>
  </datafield>
  <datafield tag="690" ind1=" " ind2=" ">
    <subfield code="a">probl&#xE8;me de partage in&#xE9;gal</subfield>
  </datafield>
  <datafield tag="690" ind1=" " ind2=" ">
    <subfield code="a">repr&#xE9;sentation s&#xE9;miotique</subfield>
  </datafield>
  <datafield tag="690" ind1=" " ind2=" ">
    <subfield code="a">sch&#xE9;ma en barres</subfield>
  </datafield>
  <datafield tag="690" ind1=" " ind2=" ">
    <subfield code="a">algebraic approach</subfield>
  </datafield>
  <datafield tag="690" ind1=" " ind2=" ">
    <subfield code="a">algebraic problem</subfield>
  </datafield>
  <datafield tag="690" ind1=" " ind2=" ">
    <subfield code="a">arithmetic approach</subfield>
  </datafield>
  <datafield tag="690" ind1=" " ind2=" ">
    <subfield code="a">praxeology</subfield>
  </datafield>
  <datafield tag="690" ind1=" " ind2=" ">
    <subfield code="a">semiotic representation</subfield>
  </datafield>
  <datafield tag="690" ind1=" " ind2=" ">
    <subfield code="a">stripes diagrams</subfield>
  </datafield>
  <datafield tag="786" ind1="0" ind2=" ">
    <subfield code="n">Recherches en didactiques | 39-40 | 1-2 | 2026-02-03 | p. 339-367 | 2116-9683</subfield>
  </datafield>
  <datafield tag="856" ind1="4" ind2="1">
    <subfield code="u">https://shs.cairn.info/revue-recherches-en-didactiques-2025-1-2-page-339?lang=fr&amp;redirect-ssocas=7080</subfield>
  </datafield>
  <datafield tag="999" ind1=" " ind2=" ">
    <subfield code="c">1859633</subfield>
    <subfield code="d">1859633</subfield>
  </datafield>
</record>
